Normal view
MARC view
- Law
Entry Topical Term
001 - CONTROL NUMBER
- control field: 55109
003 - CONTROL NUMBER IDENTIFIER
- control field: NUST
005 - DATE AND TIME OF LATEST TRANSACTION
- control field: 20210505111059.0
008 - FIXED-LENGTH DATA ELEMENTS
- fixed length control field: 210505|| aca||aabn | a|a d
040 ## - CATALOGING SOURCE
- Original cataloging agency: NUST
- Transcribing agency: NUST
150 ## - HEADING--TOPICAL TERM
- Topical term or geographic name entry element: Law
- Geographic subdivision: Pakistan
- Form subdivision: Digests
670 ## - SOURCE DATA FOUND
- Source citation: Work cat.: (NUST)0: The Monthly law digest.
